In Regia Napolitana Academia Primum Ethices, Postea Economices Professoris. Disciplinarum Metaphysicarum Elementa, mathematicum in morem adornata. (Record no. 10908)

MARC details
000 -CABECERA
campo de control de longitud fija 01849nam a22002537a 4500
001 - NÚMERO DE CONTROL
campo de control BRCA_9288
003 - IDENTIFICADOR DEL NÚMERO DE CONTROL
campo de control FranzMayer
005 - FECHA Y HORA DE LA ÚLTIMA TRANSACCIÓN
campo de control 20230724112303.0
008 - DATOS DE LONGITUD FIJA--INFORMACIÓN GENERAL
campo de control de longitud fija 230724b |||||||| |||| 00| 0 eng d
040 ## - FUENTE DE LA CATALOGACIÓN
Centro catalogador/agencia de origen MFM
Lengua de catalogación spa
Centro/agencia transcriptor MFM
050 #4 - SIGNATURA TOPOGRÁFICA DE LA BIBLIOTECA DEL CONGRESO
Número de clasificación LE61
Número de documento/Ítem G46 1786
082 ## - NÚMERO DE LA CLASIFICACIÓN DECIMAL DEWEY
Número de edición QC19.6
100 1# - ENTRADA PRINCIPAL--NOMBRE DE PERSONA
Código de función/relación Autor
Nombre de persona Genuensis, Antonii
9 (RLIN) 28937
240 1# - TÍTULO UNIFORME
Título uniforme In Regia Napolitana Academia Primum Ethices, Postea Economices Professoris. Disciplinarum Metaphysicarum Elementa, mathematicum in morem adornata.
Medio Tomus Quintus. Ab ifso auttose, rejecflis omnibus anterioribus Editionibus tanquam non fuis reputatis, omnino reformata, perpetuis additionibus locupletata et nung primum in quinque tomus divisa
Lenguaje de la obra Latín
245 0# - MENCIÓN DE TÍTULO
Título In Regia Napolitana Academia Primum Ethices, Postea Economices Professoris. Disciplinarum Metaphysicarum Elementa, mathematicum in morem adornata.
Resto del título Tomus Quintus. Ab ifso auttose, rejecflis omnibus anterioribus Editionibus tanquam non fuis reputatis, omnino reformata, perpetuis additionibus locupletata et nung primum in quinque tomus divisa
250 ## - MENCIÓN DE EDICIÓN
Mención de edición Editio novissima
Resto de la mención de edición Novena edición
260 ## - PUBLICACIÓN, DISTRIBUCIÓN, ETC.
Lugar de publicación, distribución, etc. Venecia
Nombre del editor, distribuidor, etc. Apud Thomam Bettinelli
Fecha de publicación, distribución, etc. 1781
300 ## - DESCRIPCIÓN FÍSICA
Extensión 443 p
Dimensiones 19 cm
440 ## - MENCIÓN DE SERIE/PUNTO DE ACCESO ADICIONAL--TÍTULO
Título In Regia Napolitana Academia Primum Ethices, Postea Economices Professoris. Disciplinarum Metaphysicarum Elementa, mathematicum in morem adornata.
Número de parte o sección de la obra Tomus Quintus. Ab ifso auttose, rejecflis omnibus anterioribus Editionibus tanquam non fuis reputatis, omnino reformata, perpetuis additionibus locupletata et nung primum in quinque tomus divisa
Nombre de parte o sección de la obra Tomo V
9 (RLIN) 28938
505 0# - NOTA DE CONTENIDO CON FORMATO
Nota de contenido con formato Texto en: latínDirigido a: físicos, matemáticos, científicos o historiadores.Incluye índice temático
650 1# - PUNTO DE ACCESO ADICIONAL DE MATERIA--TÉRMINO DE MATERIA
Fuente del encabezamiento o término Física
Término de materia o nombre geográfico como elemento de entrada Matemáticas
Subdivisión de forma Estudio de las ciencias
9 (RLIN) 28939
651 2# - PUNTO DE ACCESO ADICIONAL DE MATERIA--NOMBRE GEOGRÁFICO
Fuente del encabezamiento o término Metafísica
Nombre geográfico Historia de las ciencias
Subdivisión de forma Siglo XVIII y XIX
9 (RLIN) 28940
942 ## - ELEMENTOS DE PUNTO DE ACCESO ADICIONAL (KOHA)
Fuente del sistema de clasificación o colocación Library of Congress Classification
Tipo de ítem Koha Libros
Holdings
Estado de retiro Estado de pérdida Fuente del sistema de clasificación o colocación Estado dañado No para préstamo Código de colección Localización permanente Ubicación/localización actual Fecha de adquisición Fuente de adquisición Total de préstamos Signatura topográfica completa Código de barras Fecha visto por última vez Precio válido a partir de Tipo de ítem Koha
El ejemplar forma parte de la colección y puede ser consultado según las políticas vigentes.   Library of Congress Classification     Conventual Franz Mayer Biblioteca del Museo Franz Mayer (Rogerio Casas-Alatriste) Biblioteca del Museo Franz Mayer (Rogerio Casas-Alatriste) 24/07/2023 Donación   LE61 G46 1786 CFM00524 24/07/2023 24/07/2023 Libros